书目信息 |
| 书名: | Oliver Twist | |
| 作者: | by Charles Dickens; edited and abridges by Latif Doss. | |
| 分册号: | ||
| 分册名: | 出版地: |
|
| 出版社: | ||
| 出版时间: | ||
| 页数: | 147 p. ; | |
| 开本: | 18 cm. | |
| 丛书名: | ||
| 中图分类号: | ||
| 科图分类号: | ||
| 其他分类号: | H319.4 | |
| 主题词: | ||
| 电子资源: | ||
| 000 | 00587nam 2200217Ka 4504 | |
| 001 | E0731386360 | |
| 005 | 20070725153159.35 | |
| 008 | 031205 enk 000 1 eng d | |
| 020 | @cCNY0.60. | |
| 035 | @abrn61876 | |
| 040 | @aEQP@cEQP@dOTC | |
| 090 | @aK555.76/W1.2 | |
| 090 | @aH319.4 | |
| 092 | @aUR/6 | |
| 099 | @dH319.4@ex128 | |
| 100 | 1 | @aDickens, Charles,@d1812-1870. |
| 245 | 10 | @aOliver Twist / @cby Charles Dickens; edited and abridges by Latif Doss. |
| 300 | @a147 p. ;@c18 cm. | |
| 490 | 0 | @aBridge series. |
| 700 | 1 | @aDoss, Latif. |
| 920 | @a232010@z2 | |
| Oliver Twist / / by Charles Dickens; edited and abridges by Latif Doss. |
| 147 p. ; ; 18 cm.- (Bridge series. ) |
| ISBN CNY0.60. |
| ● |
| 相关链接 |
|
|
|
|
正题名:Oliver Twist
索取号:H319.4/x128
 
预约/预借
| 序号 | 登录号 | 条形码 | 馆藏地/架位号 | 状态 | 备注 |
| 1 | 13732 | 300137322 | 密集书库/ [索取号:H319.4/x128] | 在馆 | |
| 2 | 16912 | 300137983 | 密集书库/ [索取号:H319.4/x128] | 在馆 | |
| 3 | 184544 | 001197617 | 第二样本阅览室/ [索取号:H319.4/x128] | 在馆 | |
| 4 | 26413 | 001197626 | 第四借阅区/ [索取号:H319.4/x128] | 在馆 | |
| 5 | 26414 | 001197635 | 第四借阅区/ [索取号:H319.4/x128] | 在馆 | |
| 6 | 26415 | 001197555 | 第四借阅区/ [索取号:H319.4/x128] | 在馆 | |
| 7 | 26416 | 001197573 | 第四借阅区/ [索取号:H319.4/x128] | 在馆 | |
| 8 | 26417 | 001197582 | 第四借阅区/ [索取号:H319.4/x128] | 在馆 | |
| 9 | 26418 | 001197467 | 第四借阅区/ [索取号:H319.4/x128] | 在馆 | |
| 10 | 26419 | 001197546 | 第四借阅区/ [索取号:H319.4/x128] | 在馆 | |
| 11 | 26421 | 001197591 | 第四借阅区/ [索取号:H319.4/x128] | 在馆 | |
| 12 | 26422 | 001197564 | 第四借阅区/ [索取号:H319.4/x128] | 在馆 |